000 00328nam a2200109Ia 4500
008 171204s9999 xx 000 0 und d
245 _aBottlenecks: Aligning UX Design with User Psychology
245 _cDavid C. Evans
260 _c2017
650 _xSOCIAL PSYCHOLOGY
856 _uhttp://down.ebook777.com/058/9781484225790.pdf
999 _c346574
_d346574